000 00550nam a2200205Ia 4500
005 20260531145103.0
008 260531s9999 xx 000 0 und d
020 _a9780070606586
041 _aEnglish
082 _a681.3.21.1 RAY
100 _aRay (A K)
245 0 _aAdvanced Microprocessors and Peripherals
250 _a2
260 _bTata Mcgraw-Hill Publishing Company Limited
_aNew Delhi
_c2008
300 _bPaper Back
_a725+20
563 _aPaper Back
650 _a Microprocessors
700 _aBhurchandi (K M)
942 _cBK
999 _c195020
_d195020